[Event "Florianopolis op 3rd"]
[Site "Florianopolis"]
[Date "2017.01.25"]
[Round "9"]
[White "Ribeiro, Gustavo Alexandre"]
[Black "Weibull, Oscar Fritiof Torb"]
[Result "0-1"]
[WhiteElo "1800"]
[BlackElo "1452"]
[PlyCount "108"]
[EventDate "2017.01.20"]
[EventType "swiss"]
[EventRounds "10"]
[EventCountry "BRA"]
[SourceTitle "CBM 176 Extra"]
[Source "ChessBase"]
[SourceDate "2017.03.02"]
[SourceVersion "1"]
[SourceVersionDate "2017.03.02"]
[SourceQuality "1"]

1. g3 d5 2. e3 Nf6 3. Bg2 e5 4. Nh3 e4 5. d3 Bg4 6. Qd2 Qd7 7. Ng5 h6 8. Nxe4 dxe4 9. dxe4 Qe6 10. f3 Bh3 11. Bxh3 Qxh3 12. Rg1 Nc6 13. Qg2 Qe6 14. Bd2 Qc4 15. Nc3 Nb4 16. Kd1 Bc5 17. Qe2 Qxe2+ 18. Kxe2 Nxc2 19. Rac1 Nb4 20. Nb5 Na6 21. b4 Bb6 22. a4 c6 23. Nd6+ Ke7 24. Nxb7 Rab8 25. Na5 Bxa5 26. bxa5 Rhc8 27. Bc3 Ke6 28. Bd4 c5 29. Ba1 g5 30. h4 Rb4 31. Bc3 Rxa4 32. Ra1 Rc4 33. Rac1 Nd7 34. f4 gxf4 35. exf4 Rxe4+ 36. Kf3 Ra4 37. g4 f5 38. Rge1+ Kf7 39. Rcd1 fxg4+ 40. Kxg4 Rg8+ 41. Kf5 Nf8 42. Rd6 Rg6 43. Be5 Rxd6 44. Bxd6 Ng6 45. Kg4 Rd4 46. Be5 Nxe5+ 47. Rxe5 c4 48. Re1 Rd3 49. Rc1 c3 50. f5 Nb4 51. Kf4 Kf6 52. Rb1 c2 53. Rxb4 c1Q+ 54. Ke4 Qe3# 0-1

[Event "Florianopolis op 3rd"]
[Site "Florianopolis"]
[Date "2017.01.23"]
[Round "6"]
[White "Carvalho, Vivian dos Santos"]
[Black "Ribeiro, Gustavo Alexandre"]
[Result "1-0"]
[WhiteElo "1470"]
[BlackElo "1800"]
[PlyCount "115"]
[EventDate "2017.01.20"]
[EventType "swiss"]
[EventRounds "10"]
[EventCountry "BRA"]
[SourceTitle "CBM 176 Extra"]
[Source "ChessBase"]
[SourceDate "2017.03.02"]
[SourceVersion "1"]
[SourceVersionDate "2017.03.02"]
[SourceQuality "1"]

1. c4 e5 2. Nc3 Nc6 3. Nf3 Nf6 4. g3 g6 5. Bg2 Bg7 6. 0-0 d5 7. cxd5 Nxd5 8. Nxd5 Qxd5 9. d3 0-0 10. a3 Be6 11. Ng5 Qd7 12. Nxe6 Qxe6 13. Rb1 Rad8 14. Be3 e4 15. Bxe4 a6 16. b4 b5 17. Qb3 Qd7 18. Rbc1 Nd4 19. Bxd4 Qxd4 20. Rxc7 Rc8 21. Rfc1 Rxc7 22. Rxc7 Qa1+ 23. Kg2 Qb2 24. Qxb2 Bxb2 25. Bb7 Bxa3 26. Bxa6 Bxb4 27. Bxb5 Rb8 28. Bc4 Rf8 29. e4 Bd6 30. Rd7 Bb8 31. f4 Kg7 32. Kf3 Kf6 33. e5+ Kg7 34. e6 Kh6 35. e7 Re8 36. Bxf7 Rc8 37. e8Q Rxe8 38. Bxe8 g5 39. fxg5+ Kxg5 40. Rxh7 Kf6 41. h4 Kf5 42. h5 Bd6 43. g4+ Kg5 44. Rg7+ Kf6 45. Rg6+ Ke7 46. Rxd6 Kxd6 47. h6 Ke7 48. h7 Kxe8 49. h8Q+ Ke7 50. Qe5+ Kf7 51. Qd6 Kg7 52. Qe6 Kh7 53. Kf4 Kg7 54. Kf5 Kh7 55. Qg6+ Kh8 56. Qg5 Kh7 57. Kf6 Kh8 58. Qg7# 1-0